[Event "Titled Tuesday 23rd Nov"]
[Site "chess.com INT"]
[Date "2021.11.23"]
[Round "6"]
[White "Szpar, Milosz"]
[Black "Bouget, A."]
[Result "0-1"]
[WhiteElo "2418"]
[BlackElo "2265"]
[PlyCount "66"]
[EventDate "2021.11.23"]
[EventType "swiss (blitz)"]
[EventRounds "11"]
[SourceTitle "The Week in Chess 1412"]
[Source "Mark Crowther"]
[SourceDate "2021.11.29"]
[SourceVersion "3"]
[SourceVersionDate "2021.11.30"]
[SourceQuality "2"]

1. e4 e5 2. Nf3 d5 3. Nxe5 Bd6 4. d4 dxe4 5. Nc4 Nf6 6. Nc3 O-O 7. Bg5 h6 8.
Bh4 Re8 9. Be2 Nc6 10. Ne3 Bb4 11. a3 Ba5 12. Nc4 e3 13. fxe3 g5 14. Bf2 Bxc3+
15. bxc3 Ne4 16. O-O Nxc3 17. Qe1 Nxe2+ 18. Qxe2 Qxd4 19. exd4 Rxe2 20. d5 Ne7
21. d6 cxd6 22. Nxd6 Be6 23. Nxb7 Rxc2 24. Nc5 Bd5 25. Rfd1 Rc8 26. Nd7 Be6 27.
Nf6+ Kg7 28. Bd4 Kg6 29. Ne4 Bd5 30. Re1 R8c4 31. Nd6 Rxg2+ 32. Kf1 Rxd4 33.
Rxe7 Rf4+ 0-1

[Event "Titled Tuesday 23rd Nov"]
[Site "chess.com INT"]
[Date "2021.11.23"]
[Round "3"]
[White "Yeremyan, Alen"]
[Black "Bouget, A."]
[Result "1-0"]
[WhiteElo "2260"]
[BlackElo "2265"]
[PlyCount "65"]
[EventDate "2021.11.23"]
[EventType "swiss (blitz)"]
[EventRounds "11"]
[SourceTitle "The Week in Chess 1412"]
[Source "Mark Crowther"]
[SourceDate "2021.11.29"]
[SourceVersion "3"]
[SourceVersionDate "2021.11.30"]
[SourceQuality "2"]

1. e4 e5 2. Nf3 d5 3. Nc3 d4 4. Ne2 Nc6 5. Ng3 h5 6. h4 Be7 7. Be2 Bg4 8. d3 g6
9. Ng5 Bxe2 10. Qxe2 Qd7 11. O-O f6 12. Nh3 Qg4 13. Bd2 O-O-O 14. b4 g5 15.
Rfe1 gxh4 16. Nf5 Bf8 17. b5 Nce7 18. f3 Qg6 19. Nxh4 Qf7 20. f4 Bh6 21. fxe5
Bxd2 22. Qxd2 fxe5 23. Rf1 Qe6 24. Nf5 Nxf5 25. Ng5 Qg6 26. exf5 Qf6 27. Ne4
Qf7 28. f6 Nh6 29. Qg5 Ng4 30. Qf5+ Kb8 31. Qf3 Rdg8 32. Nc5 Ne3 33. Qxb7# 1-0

[Event "Rated Blitz game"]
[Site "?"]
[Date "2021.11.23"]
[Round "?"]
[White "zorilla"]
[Black "luckyluke9999"]
[Result "1-0"]
[WhiteElo "2401"]
[BlackElo "2589"]
[PlyCount "67"]
[EventDate "2021.??.??"]
[EventType "blitz"]

1. e4 e5 2. Nf3 d5 3. exd5 e4 4. Qe2 Nf6 5. d3 Qxd5 6. Nc3 Bb4 7. Bd2 Bxc3 8.
Bxc3 O-O 9. Ne5 Re8 10. d4 c5 11. dxc5 Rxe5 12. Rd1 Qe6 13. Rd8+ Ne8 14. Bxe5
Qxe5 15. Rxc8 Kf8 16. Qb5 e3 17. fxe3 Qxe3+ 18. Be2 Nc6 19. Rxa8 a6 20. Qd3
Qc1+ 21. Qd1 Qf4 22. Qd6+ Qxd6 23. cxd6 Ne5 24. O-O f6 25. Rd1 Kf7 26. d7 Nxd7
27. Rxd7+ Kg6 28. Rxe8 b5 29. Ree7 a5 30. Rxg7+ Kf5 31. Rde7 a4 32. Kf2 b4 33.
Kf3 h5 34. Bd3# {Normal} 1-0

[Event "Rated Blitz game"]
[Site "?"]
[Date "2021.11.23"]
[Round "?"]
[White "kekss5"]
[Black "Taabling"]
[Result "0-1"]
[WhiteElo "2482"]
[BlackElo "2530"]
[PlyCount "106"]
[EventDate "2021.??.??"]
[EventType "blitz"]

1. e4 e5 2. Nf3 d5 3. d3 Nc6 4. Nbd2 Nf6 5. Be2 Bc5 6. c3 Bb6 7. O-O O-O 8. b4
a6 9. a3 h6 10. Bb2 Re8 11. h3 Be6 12. Re1 Qd7 13. Bf1 Rad8 14. exd5 Bxd5 15.
c4 Bxf3 16. Nxf3 Bd4 17. Nxd4 Nxd4 18. Bc3 Qf5 19. Qb1 Nh5 20. Qb2 Re6 21. Re4
Nf4 22. Rae1 Nxh3+ 23. gxh3 Rg6+ 24. Rg4 Rxg4+ 25. hxg4 Qxg4+ 26. Bg2 Nf3+ 27.
Kf1 Nh2+ 28. Kg1 Nf3+ 29. Kf1 Nxe1 30. Bxe1 f6 31. Qe2 Qxe2+ 32. Kxe2 c6 33. b5
axb5 34. cxb5 cxb5 35. Bxb7 h5 36. Bc6 Rb8 37. f3 g5 38. d4 exd4 39. Kd3 h4 40.
Kxd4 Rd8+ 41. Kc5 Rd3 42. Kb4 Re3 43. Bf2 Re2 44. Ba7 h3 45. Bb8 h2 46. Bxh2
Rxh2 47. Kxb5 Rb2+ 48. Kc5 Kf7 49. a4 Ke7 50. a5 Ra2 51. Kb6 Kd8 52. Be4 Kc8
53. a6 Kb8 {Time forfeit} 0-1

[Event "Rated Blitz game"]
[Site "?"]
[Date "2021.11.23"]
[Round "?"]
[White "DominiqueLuca"]
[Black "DOOGE228"]
[Result "1-0"]
[WhiteElo "2451"]
[BlackElo "2489"]
[PlyCount "61"]
[EventDate "2021.??.??"]
[EventType "blitz"]

1. e4 e5 2. Nf3 d5 3. Nc3 dxe4 4. Nxe4 f5 5. Nxe5 Qd4 6. Qh5+ g6 7. Nxg6 Qxe4+
8. Be2 hxg6 9. Qxh8 Qxg2 10. Rf1 Be6 11. d4 Nc6 12. Bf4 Qe4 13. Bxc7 Qxd4 14.
Qh7 Bf7 15. Bd3 Qxb2 16. Rd1 Bb4+ 17. Ke2 Nd4+ 18. Ke3 Ne6 19. Bg3 Bc5+ 20. Ke2
Nd4+ 21. Kd2 Bb4+ 22. Ke3 Kf8 23. f4 Re8+ 24. Kf2 Nxc2 25. Kg1 Ne3 26. Rf2 Qd4
27. Rb1 Qxd3 28. h4 Bc5 29. Rbf1 Ng4 30. Kg2 Qe4+ 31. Kh3 {Time forfeit} 1-0

[Event "Rated Rapid game"]
[Site "?"]
[Date "2021.11.23"]
[Round "?"]
[White "NightOFzero"]
[Black "VVV-31"]
[Result "1/2-1/2"]
[WhiteElo "2453"]
[BlackElo "2359"]
[PlyCount "118"]
[EventDate "2021.??.??"]
[EventType "rapid"]

1. e4 e5 2. Nf3 d5 3. Nxe5 Bd6 4. d4 dxe4 5. Bc4 Bxe5 6. dxe5 Qxd1+ 7. Kxd1 Nc6
8. Bf4 Nge7 9. Re1 Bf5 10. Bb5 O-O-O+ 11. Kc1 Nd4 12. Bc4 e3 13. Na3 exf2 14.
Rf1 Nd5 15. Rxf2 Nxf4 16. Rxf4 Be6 17. Bd3 Nc6 18. Nc4 Bxc4 19. Bxc4 Nxe5 20.
Bxf7 Nxf7 21. Rxf7 Rhf8 22. Rxf8 Rxf8 23. Kd2 Rf2+ 24. Kd3 Rxg2 25. Rf1 b6 26.
Rf7 h5 27. h4 Kb7 28. a4 a5 29. b3 g5 30. hxg5 Rxg5 31. Rh7 Rg3+ 32. Kd2 Rh3
33. Rh6 c6 34. Rh7+ Kc8 35. Rh6 Kc7 36. Kc1 Kb7 37. Rh7+ Ka6 38. Rh6 Kb7 39.
Rh7+ Kb8 40. Rh6 Kc7 41. Rh7+ Kd6 42. Rh6+ Kc5 43. Kb2 b5 44. axb5 cxb5 45. Rh8
Kb4 46. Rh7 Rh2 47. Rh8 a4 48. bxa4 Kxa4 49. Kc3 b4+ 50. Kb2 Kb5 51. Kb3 Rh3+
52. Kb2 Kc4 53. Rc8+ Kd4 54. Rb8 Kc5 55. Rc8+ Kd5 56. Rd8+ Kc5 57. Rc8+ Kd4 58.
Rd8+ Kc4 59. Rc8+ Kd4 {Normal} 1/2-1/2

[Event "Rated Blitz game"]
[Site "?"]
[Date "2021.11.23"]
[Round "?"]
[White "Rookie1243"]
[Black "DOOGE228"]
[Result "1-0"]
[WhiteElo "2445"]
[BlackElo "2485"]
[PlyCount "41"]
[EventDate "2021.??.??"]
[EventType "blitz"]

1. e4 e5 2. Nf3 d5 3. exd5 e4 4. Qe2 Nf6 5. d3 Qxd5 6. Nbd2 Nc6 7. Nxe4 Be6 8.
Bg5 Be7 9. Bxf6 gxf6 10. O-O-O Qxa2 11. Nc3 Qa1+ 12. Nb1 O-O-O 13. c3 Rhe8 14.
Qc2 Na5 15. c4 Nb3+ 16. Qxb3 Rd6 17. Qa3 Ra6 18. Qxa1 Rxa1 19. Kc2 b5 20. Nc3
Rxd1 21. Nxd1 {Normal} 1-0

[Event "Rated Blitz game"]
[Site "?"]
[Date "2021.11.23"]
[Round "?"]
[White "Kyren"]
[Black "DOOGE228"]
[Result "0-1"]
[WhiteElo "2427"]
[BlackElo "2476"]
[PlyCount "24"]
[EventDate "2021.??.??"]
[EventType "blitz"]

1. e4 e5 2. Nf3 d5 3. exd5 e4 4. Qe2 Nf6 5. Nc3 Be7 6. Nxe4 O-O 7. d3 Re8 8.
Be3 Nxd5 9. O-O-O f5 10. Nc3 Nxc3 11. bxc3 f4 12. Ng5 Bxg5 {Normal} 0-1

[Event "Rated Blitz game"]
[Site "?"]
[Date "2021.11.23"]
[Round "?"]
[White "Leonid_Manuylo"]
[Black "elenakhristenko74"]
[Result "1-0"]
[WhiteElo "2541"]
[BlackElo "2502"]
[PlyCount "119"]
[EventDate "2021.??.??"]
[EventType "blitz"]

1. e4 e5 2. Nf3 d5 3. Nc3 dxe4 4. Bb5+ c6 5. Bc4 exf3 6. Qxf3 Nf6 7. O-O Bg4 8.
Qd3 Qxd3 9. Bxd3 Bb4 10. a3 Bxc3 11. dxc3 Nbd7 12. c4 Nc5 13. b4 a5 14. bxc5 e4
15. Re1 O-O 16. Be2 Bxe2 17. Rxe2 Rad8 18. Be3 Ng4 19. h3 Nxe3 20. fxe3 f5 21.
Kf2 f4 22. Rb1 fxe3+ 23. Kxe3 Rf6 24. Rxb7 Rdf8 25. Kxe4 Re6+ 26. Kd3 Rxe2 27.
Kxe2 h6 28. Kd3 Rf2 29. g4 Rf3+ 30. Ke4 Rxa3 31. Re7 Rc3 32. Re8+ Kf7 33. Rc8
Rxc4+ 34. Kd3 Rxc5 35. Rc7+ Ke6 36. Rxg7 a4 37. Ra7 h5 38. gxh5 Rxh5 39. Rxa4
Rxh3+ 40. Kc4 Rh4+ 41. Kb3 Rxa4 42. Kxa4 c5 43. c4 Ke5 44. Kb5 Kd6 45. Kb6 Kd7
46. Kxc5 Kc7 47. Kd5 Kc8 48. Kc6 Kd8 49. Kb7 Kd7 50. c5 Kd8 51. c6 Ke8 52. c7
Kf8 53. c8=Q+ Kf7 54. Kc6 Kg6 55. Kd6 Kh5 56. Qg8 Kh4 57. Ke5 Kh3 58. Kf4 Kh2
59. Kf3 Kh1 60. Qg2# {Normal} 1-0

[Event "Rated Blitz game"]
[Site "?"]
[Date "2021.11.23"]
[Round "?"]
[White "w2018u0046c237"]
[Black "StoqnOrlinovStoqnov"]
[Result "0-1"]
[WhiteElo "2496"]
[BlackElo "2590"]
[PlyCount "46"]
[EventDate "2021.??.??"]
[EventType "blitz"]

1. e4 e5 2. Nf3 d5 3. exd5 e4 4. Qe2 Qe7 5. Nd4 Nf6 6. Nc3 Nbd7 7. d3 exd3 8.
Qxe7+ Bxe7 9. Bxd3 Nb6 10. Ndb5 Nfxd5 11. Nxd5 Nxd5 12. c4 Nb4 13. Be4 Na6 14.
Bf4 Bb4+ 15. Ke2 Be6 16. b3 c6 17. Nd6+ Bxd6 18. Bxd6 O-O-O 19. Rad1 Rhe8 20.
Kf3 Bg4+ 21. Kxg4 Rxe4+ 22. f4 Re2 23. Be7 Rxe7 {Normal} 0-1

[Event "Rated Blitz game"]
[Site "?"]
[Date "2021.11.23"]
[Round "?"]
[White "Gmshazzadul2900"]
[Black "RCompany_1"]
[Result "1-0"]
[WhiteElo "2440"]
[BlackElo "2378"]
[PlyCount "35"]
[EventDate "2021.??.??"]
[EventType "blitz"]

1. e4 e5 2. Nf3 d5 3. exd5 e4 4. Ne5 Qxd5 5. Nc4 Nf6 6. Nc3 Qf5 7. Ne3 Qe5 8.
Be2 Nc6 9. O-O Bd6 10. g3 h5 11. d3 h4 12. Nc4 Qe6 13. Nxd6+ cxd6 14. Nxe4 Nxe4
15. dxe4 Qh3 16. g4 Ne5 17. Qxd6 Nxg4 18. Bb5+ {Normal} 1-0

[Event "Rated Blitz game"]
[Site "?"]
[Date "2021.11.23"]
[Round "?"]
[White "WandererDog"]
[Black "Heri72"]
[Result "1-0"]
[WhiteElo "2366"]
[BlackElo "2463"]
[PlyCount "33"]
[EventDate "2021.??.??"]
[EventType "blitz"]

1. e4 e5 2. Nf3 d5 3. Nxe5 Bd6 4. d4 dxe4 5. Nc3 f5 6. Qh5+ g6 7. Nxg6 Nf6 8.
Qh4 Rg8 9. Ne5 Be7 10. Be2 Qxd4 11. Bf4 Be6 12. Rd1 Qb4 13. Bh5+ Rg6 14. Bxg6+
hxg6 15. Qh8+ Bf8 16. Qxf6 Bxa2 17. Rd8# {Normal} 1-0

[Event "Rated Blitz game"]
[Site "?"]
[Date "2021.11.23"]
[Round "?"]
[White "PKS-1988"]
[Black "RCompany_1"]
[Result "1-0"]
[WhiteElo "2442"]
[BlackElo "2406"]
[PlyCount "43"]
[EventDate "2021.??.??"]
[EventType "blitz"]

1. e4 e5 2. Nf3 d5 3. Nxe5 Bd6 4. d4 dxe4 5. Nc4 Be7 6. Be3 f5 7. Ne5 Be6 8.
Qh5+ g6 9. Qd1 Nf6 10. Bc4 Bxc4 11. Nxc4 O-O 12. c3 Nd5 13. Bh6 Re8 14. Qb3 b6
15. Nbd2 Nc6 16. O-O-O a5 17. Ne3 Bb4 18. Qxd5+ Qxd5 19. Nxd5 Bd6 20. Bf4 Kf7
21. Bxd6 cxd6 22. Nc7 {Normal} 1-0

[Event "Rated Blitz game"]
[Site "?"]
[Date "2021.11.23"]
[Round "?"]
[White "BTC69420"]
[Black "Kein130"]
[Result "0-1"]
[WhiteElo "2423"]
[BlackElo "2439"]
[PlyCount "50"]
[EventDate "2021.??.??"]
[EventType "blitz"]

1. e4 e5 2. Nf3 d5 3. Nxe5 dxe4 4. d4 Nf6 5. Bg5 Be7 6. Bc4 O-O 7. O-O Nc6 8.
Nxc6 bxc6 9. Nc3 Bf5 10. Re1 h6 11. Bh4 Re8 12. h3 Rb8 13. Bb3 Rb4 14. Ne2 c5
15. c3 Rb6 16. Bxf6 Rxf6 17. d5 Bd6 18. Qd2 Rg6 19. Kh1 Qh4 20. Ng1 Bf4 21. Qe2
Qg5 22. g3 Bd6 23. Bd1 e3 24. Qh5 Be4+ 25. Kh2 Bxg3+ {Normal} 0-1

[Event "Rated Blitz game"]
[Site "?"]
[Date "2021.11.23"]
[Round "?"]
[White "MladiStojanovic"]
[Black "luckyluke9999"]
[Result "1-0"]
[WhiteElo "2366"]
[BlackElo "2548"]
[PlyCount "161"]
[EventDate "2021.??.??"]
[EventType "blitz"]

1. e4 e5 2. Nf3 d5 3. d4 dxe4 4. Nxe5 Bd6 5. Nc4 Nf6 6. Nxd6+ Qxd6 7. Be2 O-O
8. O-O c6 9. f3 Bf5 10. fxe4 Bxe4 11. Bf4 Qd7 12. Nc3 Bg6 13. Be5 Nd5 14. Nxd5
Qxd5 15. c4 Qe4 16. Bf3 Qe3+ 17. Kh1 Nd7 18. Bg3 Nb6 19. d5 Rad8 20. Re1 Qc5
21. Rc1 Qa5 22. Qb3 cxd5 23. cxd5 Qa4 24. Qxa4 Nxa4 25. d6 Nxb2 26. Re7 Nd3 27.
Rcc7 b6 28. Rxa7 Nc5 29. h4 h5 30. a4 Kh7 31. a5 bxa5 32. Rxa5 Nd7 33. Bc6 Nf6
34. d7 Ne4 35. Bc7 Nc3 36. Bxd8 Rxd8 37. Ra8 Rxd7 38. Rxd7 Ne2 39. Kh2 Nf4 40.
Rdd8 Bf5 41. Be8 Kg6 42. Ra6+ Be6 43. Rd4 Ne2 44. Rxe6+ Kh7 45. Rxe2 g6 46.
Bxf7 Kg7 47. Bxg6 Kh6 48. Bxh5 Kxh5 49. Re5+ Kh6 50. Rd6+ Kg7 51. Re7+ Kf8 52.
Ra7 Ke8 53. Rh6 Kd8 54. Kg3 Kc8 55. Kf2 Kb8 56. Rg7 Kc8 57. g4 Kd8 58. Ra6 Ke8
59. Kf3 Kf8 60. Rb7 Ke8 61. h5 Kd8 62. g5 Kc8 63. Rg7 Kd8 64. h6 Kc8 65. g6 Kb8
66. h7 Kc8 67. Rf7 Kd8 68. g7 Kc8 69. g8=N Kb8 70. Nf6 Kc8 71. Nd5 Kd8 72. h8=N
Ke8 73. Ke4 Kd8 74. Ng6 Ke8 75. Re7+ Kd8 76. Rd6+ Kc8 77. Nb6+ Kb8 78. Nd5 Kc8
79. Ne5 Kb8 80. Nc6+ Kc8 81. Nb6# {Normal} 1-0

[Event "Rated Blitz game"]
[Site "?"]
[Date "2021.11.23"]
[Round "?"]
[White "blunder64"]
[Black "StoqnOrlinovStoqnov"]
[Result "0-1"]
[WhiteElo "2579"]
[BlackElo "2587"]
[PlyCount "52"]
[EventDate "2021.??.??"]
[EventType "blitz"]

1. e4 e5 2. Nf3 d5 3. Nxe5 Bd6 4. d4 dxe4 5. Bf4 Nc6 6. Nxc6 bxc6 7. Bxd6 Qxd6
8. c3 Nf6 9. Bc4 Rb8 10. Bb3 Ng4 11. Nd2 e3 12. Qe2 O-O 13. fxe3 Qh6 14. e4 c5
15. d5 Ne5 16. O-O c4 17. Nxc4 Ba6 18. Rf5 Bxc4 19. Bxc4 Nxc4 20. Qxc4 Qe3+ 21.
Kh1 Rxb2 22. Raf1 Kh8 23. Qxc7 Qxe4 24. R5f3 Qxd5 25. h3 Rxa2 26. Rxf7 Qxg2# {
Normal} 0-1

[Event "Rated Blitz game"]
[Site "?"]
[Date "2021.11.23"]
[Round "?"]
[White "kasparik_garik"]
[Black "RCompany_1"]
[Result "1-0"]
[WhiteElo "2577"]
[BlackElo "2404"]
[PlyCount "117"]
[EventDate "2021.??.??"]
[EventType "blitz"]

1. e4 e5 2. Nf3 d5 3. exd5 e4 4. Qe2 Nf6 5. Nc3 Be7 6. Nxe4 Nxd5 7. Qd1 O-O 8.
Be2 c5 9. O-O Nf4 10. d3 Qc7 11. Bxf4 Qxf4 12. Qd2 Qc7 13. Rfe1 Nc6 14. Bf1 Bg4
15. Be2 Rad8 16. Qc3 b6 17. h3 Bh5 18. a4 f5 19. Neg5 Bxg5 20. Nxg5 Bxe2 21.
Rxe2 Nd4 22. Ree1 h6 23. Qc4+ Kh8 24. Ne6 Nxe6 25. Qxe6 Rf6 26. Qe5 Qd7 27. a5
Kh7 28. axb6 axb6 29. b3 Qb7 30. Qe7 Rd7 31. Qe8 Qd5 32. Qe5 Qf7 33. Ra8 Ra7
34. Re8 Ra2 35. Re7 Qg6 36. Qc3 Rd6 37. Rb7 Qf6 38. Qxf6 Rxf6 39. Re2 Rd6 40.
f4 Rxd3 41. Rxb6 Rc3 42. Rc6 Rcxc2 43. Rxc2 Rxc2 44. b4 Rc4 45. bxc5 Rxf4 46.
Rc8 Rc4 47. c6 Kg6 48. c7 Kf7 49. Kf2 h5 50. h4 Kg6 51. g3 Kf7 52. Kf3 Kg6 53.
Ke3 Kf7 54. Kd3 Rc1 55. Kd4 Kf6 56. Kd5 Kg6 57. Ke5 Re1+ 58. Kd6 Rc1 59. Ke6 {
Time forfeit} 1-0

[Event "Rated Blitz game"]
[Site "?"]
[Date "2021.11.23"]
[Round "?"]
[White "Maestro99az"]
[Black "Taabling"]
[Result "0-1"]
[WhiteElo "2542"]
[BlackElo "2535"]
[PlyCount "94"]
[EventDate "2021.??.??"]
[EventType "blitz"]

1. e4 e5 2. Nf3 d5 3. exd5 Bd6 4. d4 e4 5. Ne5 Nf6 6. Bb5+ c6 7. dxc6 bxc6 8.
Be2 Bxe5 9. dxe5 Qa5+ 10. Nc3 Qxe5 11. O-O O-O 12. f4 Qc5+ 13. Kh1 Nbd7 14. Qe1
Re8 15. Bd1 Nd5 16. Nxd5 cxd5 17. c3 Nf6 18. Be3 Qb5 19. Qe2 Qb7 20. Qd2 Rb8
21. b3 a5 22. Bd4 e3 23. Bxe3 Ne4 24. Qd4 Bf5 25. g4 Bd7 26. Bf3 Rbc8 27. Rac1
Bc6 28. f5 Qe7 29. Bf4 h5 30. h3 hxg4 31. Bxg4 Qh4 32. Kg2 Nf6 33. Bg3 Qh6 34.
Rcd1 Re4 35. Qd2 Qh7 36. Bf3 Qxf5 37. Bxe4 Qxe4+ 38. Kh2 d4 39. cxd4 Bd5 40.
Rde1 Qh7 41. Rc1 Re8 42. Rfe1 Ne4 43. Qf4 g5 44. Qg4 f5 45. Qd1 f4 46. Bf2 Be6
47. Qf3 Bf5 {Time forfeit} 0-1

[Event "Rated Blitz game"]
[Site "?"]
[Date "2021.11.23"]
[Round "?"]
[White "ramoncmg"]
[Black "Schachelite"]
[Result "1-0"]
[WhiteElo "2569"]
[BlackElo "2483"]
[PlyCount "113"]
[EventDate "2021.??.??"]
[EventType "blitz"]

1. e4 e5 2. Nf3 d5 3. exd5 e4 4. Qe2 Nf6 5. d3 Qxd5 6. Nbd2 Nc6 7. Nxe4 Be6 8.
c4 Qd7 9. Nxf6+ gxf6 10. Be3 O-O-O 11. O-O-O Nb4 12. a3 Na6 13. d4 Bf5 14. Qd2
Qa4 15. Bd3 Bxd3 16. Qxd3 Kb8 17. Qc2 Qc6 18. d5 Qd6 19. Nd4 Nc5 20. b4 Nd7 21.
Nb5 Qa6 22. Bxa7+ Kc8 23. Bd4 c6 24. Bb2 Kb8 25. dxc6 bxc6 26. Nd4 Ne5 27. Kb1
Kb7 28. Rc1 Bh6 29. b5 Qb6 30. bxc6+ Nxc6 31. Nxc6 Qxc6 32. Qb3+ Kc7 33. Rc2
Rb8 34. Qc3 Rhd8 35. Ka2 Bg5 36. Rb1 Rb7 37. Qh3 Rdb8 38. Qg3+ Kd7 39. Qd3+ Ke8
40. Qe2+ Kf8 41. Rd2 Kg7 42. Rd3 Qxc4+ 43. Ka1 Rxb2 44. Rxb2 Rxb2 45. Qxb2 Qxd3
46. Ka2 Bf4 47. a4 Be5 48. Qb3 Qd5 49. Qxd5 Bd4 50. Qf3 Be5 51. Qg4+ Kf8 52.
Qf3 Ke7 53. Qb7+ Ke6 54. Qb5 Kf5 55. Qd3+ Ke6 56. Qd1 Kf5 57. a5 {Time forfeit}
1-0

[Event "Rated Blitz game"]
[Site "?"]
[Date "2021.11.23"]
[Round "?"]
[White "art517"]
[Black "DOOGE228"]
[Result "0-1"]
[WhiteElo "2459"]
[BlackElo "2481"]
[PlyCount "102"]
[EventDate "2021.??.??"]
[EventType "blitz"]

1. e4 e5 2. Nf3 d5 3. Nxe5 Bd6 4. d4 dxe4 5. Bc4 Bxe5 6. Qh5 Qe7 7. Qxe5 Qxe5
8. dxe5 Ne7 9. Nc3 O-O 10. Nxe4 Nbc6 11. f4 Bf5 12. Bd3 Nb4 13. Be3 Nxd3+ 14.
cxd3 Rfd8 15. Ke2 Bg4+ 16. Kd2 h5 17. h3 Bf5 18. Ke2 Rd5 19. Rac1 Nc6 20. Rc3
Rad8 21. a3 h4 22. Rhc1 a6 23. b4 Kh7 24. Bf2 Kg6 25. Bxh4 R8d7 26. Bf2 Bxe4
27. dxe4 Rd2+ 28. Kf3 Ra2 29. g4 Rdd2 30. Be3 Rh2 31. f5+ Kh7 32. Kf4 Rxh3 33.
Rxc6 bxc6 34. Rxc6 Rxa3 35. Bd4 Raf3+ 36. Kg5 Rd3 37. Bc5 Rc3 38. Rxc7 a5 39.
bxa5 Rc4 40. a6 Rxe4 41. Rxf7 Rg3 42. f6 Rgxg4+ 43. Kf5 Rc4 44. Ke6 Rxc5 45.
Rxg7+ Rxg7 46. fxg7 Kxg7 47. a7 Ra5 48. Kd6 Ra6+ 49. Kd7 Rxa7+ 50. Kd8 Kf7 51.
e6+ Kxe6 {Normal} 0-1

[Event "Rated Blitz game"]
[Site "?"]
[Date "2021.11.23"]
[Round "?"]
[White "lemra64"]
[Black "Heri72"]
[Result "1-0"]
[WhiteElo "2500"]
[BlackElo "2464"]
[PlyCount "121"]
[EventDate "2021.??.??"]
[EventType "blitz"]

1. e4 e5 2. Nf3 d5 3. Nxe5 Bd6 4. d4 dxe4 5. Nc4 Nf6 6. Bg5 Be7 7. Nc3 O-O 8.
Be2 Bf5 9. Ne3 Bg6 10. h4 h6 11. Bf4 Nc6 12. d5 Nb4 13. a3 Na6 14. g4 Ne8 15.
Bxa6 bxa6 16. g5 hxg5 17. hxg5 Bxg5 18. Bxg5 Qxg5 19. Qe2 Nd6 20. O-O-O Qf4 21.
Rdg1 Rfe8 22. Rg4 Qf3 23. Rgh4 Kf8 24. Qxf3 exf3 25. Rf4 Ne4 26. Rh8+ Ke7 27.
Rxe8+ Rxe8 28. Nxe4 Bxe4 29. Rxe4+ Kd7 30. Rxe8 Kxe8 31. b4 Kd7 32. c4 Kd6 33.
Kd2 Ke5 34. Kd3 f5 35. Nc2 g5 36. Nd4 g4 37. Nxf3+ gxf3 38. Ke3 a5 39. Kxf3 Kd4
40. bxa5 Kxc4 41. Kf4 Kxd5 42. Kxf5 Kc5 43. Kf4 Kb5 44. Ke4 Kc6 45. f4 Kd7 46.
Kd5 Ke7 47. Kc6 Kf6 48. Kxc7 Kf5 49. Kb7 Kxf4 50. Kxa7 Ke4 51. Kb6 Ke3 52. a6
Kd3 53. a7 Kc3 54. a8=Q Kb3 55. Qa5 Ka2 56. Qb4 Ka1 57. a4 Ka2 58. a5 Ka1 59.
a6 Ka2 60. a7 Ka1 61. a8=Q# {Normal} 1-0

[Event "Rated Blitz game"]
[Site "?"]
[Date "2021.11.23"]
[Round "?"]
[White "chaijmait"]
[Black "dioniwo"]
[Result "0-1"]
[WhiteElo "2395"]
[BlackElo "2583"]
[PlyCount "60"]
[EventDate "2021.??.??"]
[EventType "blitz"]

1. e4 e5 2. Nf3 d5 3. Nc3 dxe4 4. Nxe5 Nf6 5. Bc4 Qd4 6. Nxf7 Qxc4 7. Nxh8 Bg4
8. f3 exf3 9. gxf3 Qe6+ 10. Kf2 Qb6+ 11. d4 Be6 12. Be3 Qxb2 13. Ne4 Nbd7 14.
Rb1 Qxa2 15. Rxb7 O-O-O 16. Rb1 Nd5 17. Ra1 Qb2 18. Rxa7 N7b6 19. Kg3 Nxe3 20.
Qd3 Nf5+ 21. Kf4 Bc4 22. Qd2 Nxd4 23. Qa5 Ne6+ 24. Kg3 g6 25. Nf7 Bb4 26. Rxc7+
Nxc7 27. Qxb6 Be1+ 28. Rxe1 Qxb6 29. Nxd8 Kxd8 30. Rd1+ Ke7 {Normal} 0-1

[Event "Rated Blitz game"]
[Site "?"]
[Date "2021.11.23"]
[Round "?"]
[White "chess3check"]
[Black "DOOGE228"]
[Result "1-0"]
[WhiteElo "2358"]
[BlackElo "2484"]
[PlyCount "55"]
[EventDate "2021.??.??"]
[EventType "blitz"]

1. e4 e5 2. Nf3 d5 3. exd5 e4 4. Qe2 Nf6 5. Nc3 Be7 6. Ng5 O-O 7. d3 exd3 8.
Qxd3 Na6 9. Be3 Nb4 10. Qd2 Bf5 11. Bd3 Bxd3 12. cxd3 Nbxd5 13. O-O Nxc3 14.
bxc3 Nd5 15. Ne4 f5 16. Nc5 f4 17. Bd4 f3 18. Ne6 Qd7 19. Rfe1 Rf6 20. Bxf6
Bxf6 21. Rac1 fxg2 22. c4 Ne7 23. Qf4 Rc8 24. d4 Ng6 25. Qf5 Nh4 26. Qg4 Qf7
27. Ng5 Bxg5 28. Qxc8+ {Normal} 1-0

[Event "Rated Blitz game"]
[Site "?"]
[Date "2021.11.23"]
[Round "?"]
[White "ricjimenez_50"]
[Black "Anecdot"]
[Result "1-0"]
[WhiteElo "2500"]
[BlackElo "2344"]
[PlyCount "47"]
[EventDate "2021.??.??"]
[EventType "blitz"]

1. e4 e5 2. Nf3 d5 3. exd5 e4 4. Ne5 Qe7 5. Nc4 Bf5 6. Ne3 Bg6 7. Bb5+ Nd7 8.
Nc3 O-O-O 9. O-O f5 10. d4 exd3 11. Bxd3 f4 12. Nf5 Qf6 13. Ne4 Qf7 14. Ng5 Qf6
15. Ne4 Qf7 16. Nd4 Qxd5 17. Bxf4 Bxe4 18. Bxe4 Qxe4 19. Bg3 Ndf6 20. c3 c5 21.
Re1 Qd5 22. Nb5 Qxd1 23. Nxa7+ Kd7 24. Raxd1+ {Normal} 1-0

[Event "Rated Blitz game"]
[Site "?"]
[Date "2021.11.23"]
[Round "?"]
[White "Hietala85"]
[Black "Bakiuzumaki"]
[Result "0-1"]
[WhiteElo "2444"]
[BlackElo "2317"]
[PlyCount "38"]
[EventDate "2021.??.??"]
[EventType "blitz"]

1. e4 e5 2. Nf3 d5 3. exd5 Bd6 4. d4 exd4 5. Qxd4 Nf6 6. Bg5 O-O 7. Be2 c5 8.
Bxf6 Qxf6 9. Qxf6 gxf6 10. O-O Kh8 11. Nc3 Bf5 12. Nb5 Bf4 13. g3 Rg8 14. Kh1
a6 15. gxf4 axb5 16. Bxb5 Be4 17. Be2 Bxd5 18. Rg1 Nc6 19. a3 Nd4 {Normal} 0-1

[Event "Rated Blitz game"]
[Site "?"]
[Date "2021.11.23"]
[Round "?"]
[White "josedavidmendoza"]
[Black "mirekkk14"]
[Result "1-0"]
[WhiteElo "2452"]
[BlackElo "2407"]
[PlyCount "43"]
[EventDate "2021.??.??"]
[EventType "blitz"]

1. e4 e5 2. Nf3 d5 3. exd5 e4 4. Qe2 Nf6 5. Nc3 Be7 6. Nxe4 O-O 7. d3 Re8 8.
Bd2 Nxd5 9. O-O-O Bf8 10. Nfg5 f5 11. Qh5 h6 12. Qf7+ Kh8 13. Qg6 hxg5 14. Nxg5
Qxg5 15. Bxg5 Bd7 16. Be2 Nc6 17. Bf3 Nde7 18. Qh5+ Kg8 19. Rhe1 g6 20. Qh4 Kf7
21. Re2 Bg7 22. Rde1 {Normal} 1-0

[Event "Rated Blitz tournament gLYb9bJb"]
[Site "?"]
[Date "2021.11.23"]
[Round "?"]
[White "Strelok2222"]
[Black "Shuhratullo"]
[Result "0-1"]
[WhiteElo "2480"]
[BlackElo "2286"]
[PlyCount "116"]
[EventDate "2021.??.??"]
[EventType "blitz"]

1. e4 e5 2. Nf3 d5 3. d4 dxe4 4. Nxe5 Bd6 5. Nc4 Nf6 6. Nxd6+ Qxd6 7. c3 O-O 8.
Be2 c5 9. Be3 cxd4 10. Qxd4 Qe6 11. h3 Nc6 12. Qc4 Qf5 13. Qc5 Qg6 14. Qg5 Be6
15. Qxg6 hxg6 16. Na3 a6 17. O-O Rfd8 18. Nc4 Rac8 19. Nb6 Rb8 20. a4 Nd5 21.
Nxd5 Bxd5 22. b4 Ne7 23. Bb6 Rd6 24. Bc5 Re6 25. Rfd1 Bc6 26. b5 axb5 27. axb5
Be8 28. Bc4 Nf5 29. Bxe6 fxe6 30. c4 Rc8 31. Bb6 Rxc4 32. Ra8 Kf7 33. Rdd8 Bxb5
34. Rf8+ Ke7 35. Rg8 Kf6 36. Bd8+ Ke5 37. Bg5 Bc6 38. Ra5+ Kd4 39. Rd8+ Kc3 40.
Re5 Bd5 41. g4 Nd4 42. Kg2 Nf3 43. Rexd5 exd5 44. Rxd5 Nxg5 45. Rxg5 Kd3 46.
Rxg6 b5 47. Rxg7 b4 48. Rd7+ Kc3 49. g5 b3 50. Rb7 Rb4 51. Rc7+ Kd2 52. Rd7+
Kc2 53. g6 b2 54. g7 b1=Q 55. g8=Q Qb3 56. Qg3 Qf3+ 57. Qxf3 exf3+ 58. Kxf3
Rb3+ {Time forfeit} 0-1